000
00251nam a2200097Ia 4500
082
_a
EJF AREN
245
0
_a
Basketball buddies
100
_a
Arena, Felice South Yarra,, 2003
_9
65631
942
_c
BK
008
210817s9999 xx 000 0 und d
999
_c
218655
_d
218654